| 000 | 01200cam a2200313Ia 4500 | ||
|---|---|---|---|
| 999 |
_c10432 _d10432 |
||
| 001 | 43355269 | ||
| 003 | OCoLC | ||
| 005 | 20241126110732.0 | ||
| 008 | 000127s1999 waub c b 000 0beng d | ||
| 020 | _a1576581535 (pbk.) : | ||
| 040 |
_aSBI _cSBI _dDPL |
||
| 043 | _af------ | ||
| 082 |
_a266.0092 _bBEN |
||
| 092 | _aBIO LIVIN | ||
| 100 | 1 |
_aBenge, Janet, _d1958- _917368 |
|
| 245 | 1 | 0 |
_aDavid Livingstone : _bAfrica's trailblazer / _cJanet & Geoff Benge |
| 260 |
_aSeattle, WA : _bYWAM Pub., _cc1999 |
||
| 300 |
_a215 p. : _b1 map ; _c21 cm |
||
| 490 | 1 | _aChristian heroes, then & now | |
| 504 | _aIncludes bibliographical references (p. 215) | ||
| 520 | _aWith the heart of an explorer and the passion of an evangelist, David Livingstone mapped vast, unexplored areas of Africa, sharing the gospel with whomever he encountered | ||
| 600 | 1 | 0 |
_aLivingstone, David, _d1813-1873 _vJuvenile literature _918131 |
| 650 | 0 |
_aMissionaries _zAfrica _vBiography _vJuvenile literature _918132 |
|
| 650 | 0 |
_aChristian biography _vJuvenile literature _918133 |
|
| 655 | 0 |
_aBiography _95066 |
|
| 700 | 1 |
_aBenge, Geoff, _d1954- _917373 |
|
| 830 | 0 |
_aChristian heroes, then & now _917374 |
|
| 942 |
_2ddc _cBK _03 |
||